La soberanía del pueblo en el derecho interno y en el internacional /

Guardado en:
Bibliografiske detaljer
Hovedforfatter: Carpizo, Jorge
Format: Texto
Fag:
Tags: Tilføj Tag
Ingen Tags, Vær først til at tagge denne postø!

MARC

LEADER 00000 a a2200000 04500
001 48913
003
040
100 |a Carpizo, Jorge  
245 |a La soberanía del pueblo en el derecho interno y en el internacional /  |c Jorge Carpizo  
650 |a SOBERANIA 
650 |2 Macrothesaurus de la OCDE/  
650 |a TEORIA POLITICA  
650 |2 Macrothesaurus de la OCDE/  
650 |a DERECHO INTERNACIONAL  
650 |2 Macrothesaurus de la OCDE/ 
650 |a ESTADO  
650 |2 Macrothesaurus de la OCDE  
773 |a páginas 3-14  
999 |c 19733  |d 19733